LEADER 01110nam a2200241 i 4500 001 000000171085 003 CaOOAMICUS 005 20080417000000.0 008 080417s1988 it u000 u ita u 013 $a148509 040 $aSeMil$bita 100 1 $aAllegri, Italo.$0(OLS)http://semarc/name/64000 245 13$aIl Santuario di Bevera /$cItalo Allegri. 260 $a[S.l. :$bs.n.],$cstampa 1988$e(Oggiono (LC) :$fPaolo Cattaneo Grafiche ,$gstampa 1988) 300 $a198 p. ;$c25 cm. 500 $aContiene : Appendice. Ai pie' del front : A cura della Parrocchia «S. Maria Nascente» Anno Mariano 1988. - In preliminari : Dedica autografa al Cardinale. - Fondo card. Giovanni Colombo. 650 4$aBarzago - Bevera - Santuario di Santa Maria Nascente.$0(OLS)http://semarc/subject/17697 850 $aSeMil 852 $aSeMil$W1$xVenegono$y1$m3P III 215 °$j121962$B121962$CSeMilBibl$Z2$F133184 $81 941 1 $a3 961 $aLascito: Colombo Card. Giovanni 996 $6245$aIl Santuario di Bevera$9(OLS)http://semarc/title/244741 996 $6260$a[S.l. :$bs.n.]$9(OLS)http://semarc/publisher/29751 LEADER 00734nam a2200205 i 4500 001 000000019268 003 CaOOAMICUS 005 20180830125444.0 008 180830s1850 it u000 u ita u 040 $aSeMil$bita 100 1 $aCardella, Giuseppe Maria.$0(OLS)http://semarc/name/8600 245 10$aTrattato d'etica /$cdi Giuseppe Maria Cardella. 260 $aParma :$bPietro Fiaccadori,$c1850. 300 $a2 v. ;$c23 cm. 500 $aLegati insieme i 2 vol. 650 4$aEtica - Manuali.$0(OLS)http://semarc/subject/447 774 0 $tVol. 1.$g1$w()108711 774 0 $tVol. 2.$g2$w()225531 996 $6245$aTrattato d'etica$9(OLS)http://semarc/title/25334 996 $6260$aParma :$bPietro Fiaccadori$9(OLS)http://semarc/publisher/31450